Reservations for social justice: a socio-constitutional approach (Record no. 353287)

000 -LEADER
fixed length control field 00501cam a22001457a 4500
008 - FIXED-LENGTH DATA ELEMENTS--GENERAL INFORMATION
fixed length control field 180718b1986 xxu||||| |||| 00| 0 eng d
082 ## - DEWEY DECIMAL CLASSIFICATION NUMBER
Classification number BA27x54 Sa56
100 ## - MAIN ENTRY--PERSONAL NAME
Personal name Sandanshiv, D.N.
245 ## - TITLE STATEMENT
Title Reservations for social justice: a socio-constitutional approach
Statement of responsibility, etc. by D.N. Sandanshiv
260 ## - PUBLICATION, DISTRIBUTION, ETC.
Place of publication, distribution, etc. Bombay
Name of publisher, distributor, etc. Current Law
Date of publication, distribution, etc. 1986
300 ## - PHYSICAL DESCRIPTION
Extent 232p.
650 ## - SUBJECT ADDED ENTRY--TOPICAL TERM
Topical term or geographic name entry element India --Scheduled tribes --Legal status, laws, etc.
650 ## - SUBJECT ADDED ENTRY--TOPICAL TERM
Topical term or geographic name entry element Equality before the law --India
650 ## - SUBJECT ADDED ENTRY--TOPICAL TERM
Topical term or geographic name entry element Dalits --Legal status, laws, etc
Holdings
Withdrawn status Lost status Damaged status Not for loan Permanent Location Current Location Date acquired Total Checkouts Full call number Barcode Date last seen Date last checked out Price effective from Koha item type
        Indian Institute of Public Administration Indian Institute of Public Administration 1993-12-01 1 BA27x54 Sa56 62424 2021-03-03 2021-03-01 2018-07-21 Book

Powered by Koha